000 00757nam a2200241 a 4500
001 000040387
003 Ost
005 20260321073643.0
008 091204s1987 dr 000 f spa d
020 _a9789945406924
040 _aDO-SdBNP
_bspa
_cBNPHU
082 _aRD863.44
_bB742m, 1987
100 1 _a Bosch, Juan,
_d1909-2001
_976555
245 1 3 _aLa mañosa :
_bnovela /
_cJuan Bosch ; editor Tomás Castro Burdiez ; supervisión editorial Eric Simó.
250 _a15a. ed.
260 _aSanto Domingo :
_bAlfa y Omega,
_c1987.
300 _a220 p. ;
_c23 cm.
590 _aInventariado, 2020 / DG
650 0 _aNovela dominicana
_9223
650 0 _aLiteratura dominicana.
_967
910 _aValidado. Control de calidad MFF
942 _2ddc
_cLBS1
999 _c39877
_d39877